| 000 | 01596cam a2200253 4500 | ||
|---|---|---|---|
| 001 | J118308 | ||
| 008 | 020131n2002 000 0 eng u | ||
| 022 | _a1354-506X | ||
| 035 | _a(Sirsi) u118308 | ||
| 050 |
_a333.337 _c18 |
||
| 100 | _aWyatt, Peter | ||
| 245 |
_aProperty advice for business occupiers _bfrom asset valuation to business property appraisal |
||
| 260 |
_aLondon _bRICS Foundation _c2002 |
||
| 490 |
_aRICS Foundation Research Papers _v4(4) |
||
| 520 | _aResearch suggesting that valuers need to convince clients that they are not overly technical in their outlook and have broad business skills that include strategic thinking and an awareness of business issues. In a consultancy role valuers can provide strategic advice over the long-term in the form of worth appraisals and performance measurement based on value rather than cost. This will provide valuers with a more central role in operational and strategic property decision-making by businesses. | ||
| 520 | _aAvailable to download, by subscription or one-off payment, at www.rics-foundation.org. RICS members may also view the research via the public access terminals in the RICS Library - please ask Library Staff for details. | ||
| 650 | _aBUSINESS ASSETS | ||
| 650 | _aCORPORATE OCCUPIERS | ||
| 650 | _aSPACE UTILISATION | ||
| 690 | _aPROPERTY MANAGEMENT-CORPORATE REAL ESTATE | ||
| 710 |
_aRoyal Institution of Chartered Surveyors _bFoundation _94173 |
||
| 856 |
_uhttps://www.rics.org/site/scripts/download_info.aspx?downloadID=1534 _vView the research on the RICS Foundation website... |
||
| 942 | _n0 | ||
| 999 |
_c102127 _d102127 |
||